00733 a2200169 4500003000500000005001700005010001600022020003400038040000900072082001500081100001500096245004400111260005100155300002500206505031100231650002100542Nust20221220111957.0 a 73160629 a0064944522a0064944530 (pbk.) cNust00a320.01,VER1 a Verma.S.L10aModern political theory / cS. L. Verma aNew York,bBarnes & Noble Booksc[1973, c1970] axxv, 269 p.;c23 cm. aModern Political Theory (Page-1), Behavioral Revolution and After (Page-38), Facts Value and Theory (Page-69), Systems Theory (Page-98), Structural Functional Approach (Page-125), Power Influence Authority and Legitimacy (Page-162), Modernization and Political Development (Page-200), Epilogue (Page-240). 0amodern political